| 000 | 00454 a2200157 4500 | ||
|---|---|---|---|
| 001 | 60098 | ||
| 082 | _a621.38153 MAN | ||
| 090 |
_c36876 _d36876 |
||
| 100 |
_aMano, M. Morris _aCharles R. Kime |
||
| 245 |
_aLogic and Computer Design Fundamentals, 4t Ed _cMorris Mano, M. |
||
| 250 | _a4 | ||
| 260 |
_aUSA _bPearson Prentice Hall _c2008 |
||
| 300 | _axvii, 678; ill ; HB | ||
| 500 | _aBE textbook Avionics | ||
| 505 | _aBE textbook origional | ||
| 942 |
_aNUST-CAE _cTXT _k621.38153 MAN |
||
| 999 |
_c295171 _d295171 |
||